Catalog

Record Details

Catalog Search



The Secret of life on earth [DVD/videorecording] : ... Read More

Available copies

  • 1 of 1 copy available at LARL/NWRL Consortium.

Current holds

0 current holds with 1 total copy.

Show Only Available Copies
Location Call Number / Copy Notes Barcode Shelving Location Status Due Date
Hallock Public Library DVD 550 SEC (Text) 35500004150734 Main Available -

Record details

  • ISBN: 155175102X
  • Physical Description: 1 videocassette (42 min.) : sd., col., stereo ; ... Read More
  • Publisher: Toronto : IMAX ; c1993.

Content descriptions

General Note:
Closed captioned for the hearing impaired.
Videocassette release of the motion picture originally filmed in IMAX format and exhibited in IMAX ... Read More
Creation/Production Credits Note:
Location director, Adrian Warren; Line producer, ... Read More
Participant or Performer Note:
Narrated by Patrick Stewart.
Summary, etc.:
Shows detailed plant and animal life, the ... Read More
System Details Note:
VHS format.
Subject: Ecology
Earth.
Genre: DVDs.
LDR 01617ngm a2200325Ia 4500
00186868
003LARL_NWRL_CONSORTIUM
007vfucbahou
008960401s1993 onc042 vleng d
020 . ‡a155175102X
090 . ‡aQH541.13 ‡b.S42 1993
24504. ‡aThe Secret of life on earth ‡h[DVD/videorecording] : ‡ban Imax film/ ‡cproduced by Christopher Parsons.
260 . ‡aToronto : ‡bIMAX ; ‡aMarkham, Ont. : ‡b70MM, Inc. [distributor], ‡cc1993.
300 . ‡a1 videocassette (42 min.) : ‡bsd., col., stereo ; ‡c1/2 in.
4900 . ‡aIMAX experience nature collection
500 . ‡aClosed captioned for the hearing impaired.
500 . ‡aVideocassette release of the motion picture originally filmed in IMAX format and exhibited in IMAX theaters.
508 . ‡aLocation director, Adrian Warren; Line producer, Di Roberts; Director of Special Photography, Peter Parks; Directors of Photography, David Douglas, Tim Housel; Music composed by Jennie Muskett.
5111 . ‡aNarrated by Patrick Stewart.
538 . ‡aVHS format.
520 . ‡aShows detailed plant and animal life, the destruction humans have caused to the ecosystems and recent efforts to restore the natural balance that has been disturbed.
650 0. ‡aEcology ‡0(LARL_NWRL_CONSORTIUM)18966
651 0. ‡aEarth. ‡0(LARL_NWRL_CONSORTIUM)18906
655 0. ‡aDVDs.
7001 . ‡aStewart, Patrick, ‡d1940- ‡0(LARL_NWRL_CONSORTIUM)78693
7001 . ‡aParsons, Christopher. ‡0(LARL_NWRL_CONSORTIUM)179896
901 . ‡a86868 ‡bISxN ‡c86868 ‡tbiblio

Additional Resources